[Event "Catalunya-chT"]
[Site "Spain"]
[Date "1993.??.??"]
[Round "8"]
[White "Ocana Serrano, R."]
[Black "Baigorri Navarro, Francisco Javier"]
[Result "1-0"]
[WhiteElo "2175"]
[BlackElo "2200"]
[PlyCount "89"]
[EventDate "1993.??.??"]
[EventType "team"]
[EventRounds "9"]
[EventCountry "ESP"]
[SourceTitle "EXT 2019"]
[Source "ChessBase"]
[SourceDate "2018.10.10"]
[SourceVersion "1"]
[SourceVersionDate "2018.10.10"]
[SourceQuality "1"]

1. d4 d5 2. Nf3 Nf6 3. Bf4 e6 4. e3 Be7 5. Bd3 c5 6. c3 Nc6 7. Nbd2 Qb6 8. Rb1 Bd7 9. Qe2 0-0 10. h4 Rfc8 11. Ne5 Qd8 12. g4 Be8 13. g5 Nxe5 14. Bxe5 Nd7 15. Qg4 c4 16. Bc2 b5 17. Nf3 b4 18. h5 Nxe5 19. dxe5 bxc3 20. g6 h6 21. gxf7+ Bxf7 22. bxc3 Rab8 23. Kd2 Rxb1 24. Rxb1 Rb8 25. Rg1 Bf8 26. Nd4 Qe8 27. f4 Rb6 28. Rh1 Rb2 29. f5 Rxc2+ 30. Kxc2 Qa4+ 31. Kd2 Qxa2+ 32. Nc2 exf5 33. Qxf5 Qa6 34. Ra1 Qb6 35. Qd7 a5 36. Rf1 Qe6 37. Qxe6 Bxe6 38. Ra1 Bg4 39. Rxa5 Bxh5 40. Rxd5 Bf7 41. Rd8 g6 42. Nd4 Kg7 43. Rd7 Kg8 44. e6 Be8 45. Rd8 1-0